[Event "Excelsior January U1600"]
[Site "Toronto CAN"]
[Date "2023.01.06"]
[Round "1.26"]
[White "Li, Sarina"]
[Black "Sheth, Rudra"]
[Result "0-1"]
[WhiteElo "1257"]
[BlackElo "1254"]
[PlyCount "57"]
[EventDate "2023.01.06"]
[EventType "swiss"]
[EventRounds "5"]
[EventCountry "CAN"]

1. d4 f5 2. Bf4 Nf6 3. Nf3 g6 4. c4 Bg7 5. Nc3 O-O 6. h3 d6 7. e3 Qe8 8. Be2
Na6 9. a3 c5 10. d5 Bd7 11. O-O Rb8 12. Qc2 Nc7 13. b4 cxb4 14. axb4 Ne4 15.
Nd4 Nxc3 16. Qxc3 Qc8 17. Qb3 Bxd4 18. exd4 a6 19. Rfe1 Rf7 20. c5 Qf8 21. Bg5
h6 22. Bf4 g5 23. Bh2 Nb5 24. c6 bxc6 25. dxc6 Bxc6 26. Bc4 d5 27. Bxd5 Bxd5
28. Qxd5 Nc3 29. Qa5 {illisible 0-1 in 42 moves} 0-1

[Event "Excelsior January U1600"]
[Site "Toronto CAN"]
[Date "2023.01.07"]
[Round "2.16"]
[White "Uyanik, Mehmet"]
[Black "Benggawan, Undriadi"]
[Result "1-0"]
[WhiteElo "1325"]
[BlackElo "1461"]
[PlyCount "71"]
[EventDate "2023.01.06"]
[EventType "swiss"]
[EventRounds "5"]
[EventCountry "CAN"]

1. e4 c5 2. d4 cxd4 3. Nf3 g6 4. Qxd4 Nf6 5. e5 Nc6 6. Qc4 d5 7. exd6 Qxd6 8.
Nc3 a6 9. Bf4 Qe6+ 10. Kd2 b5 11. Qc5 Qd7+ 12. Bd3 e6 13. Qe3 Bg7 14. Rad1 b4
15. Na4 Nd5 16. Qe4 O-O 17. Kc1 Qa7 18. Bg3 Bd7 19. h4 Nce7 20. h5 Bxa4 21.
hxg6 Nxg6 22. Nh4 Qd4 23. Qxd4 Bxd4 24. Bxg6 Bxb2+ 25. Kxb2 fxg6 26. Nf3 Nb6
27. Ng5 Nc4+ 28. Kc1 h5 29. Rd4 Rac8 30. Nxe6 Rfe8 31. Nc7 Na3 32. Rxb4 Bxc2
33. Nxe8 Be4+ 34. Nc7 Bxg2 35. Re1 Nb5 36. Re8+ 1-0

[Event "Excelsior January U1600"]
[Site "Toronto CAN"]
[Date "2023.01.07"]
[Round "2.17"]
[White "Singh Dhaliwal, Jaipreet"]
[Black "Bi, William"]
[Result "1-0"]
[WhiteElo "1460"]
[BlackElo "1257"]
[PlyCount "63"]
[EventDate "2023.01.06"]
[EventType "swiss"]
[EventRounds "5"]
[EventCountry "CAN"]

1. e4 e5 2. Nf3 Nc6 3. Bc4 Bc5 4. d3 Nf6 5. c3 h6 6. Nbd2 O-O 7. h3 d5 8. Bb5
dxe4 9. dxe4 Re8 10. O-O a6 11. Bxc6 bxc6 12. Qc2 a5 13. Rd1 Qe7 14. Nc4 Bd6
15. a4 Bb7 16. Nh4 Qf8 17. Nf5 Red8 18. Be3 Bc8 19. Nfxd6 cxd6 20. Bb6 Rd7 21.
Bxa5 Qe7 22. Bb4 c5 23. Nb6 cxb4 24. Nxa8 Rb7 25. cxb4 Be6 26. a5 Rxb4 27. a6
Nh5 28. Ra3 Nf4 29. Nc7 Qg5 30. Rg3 Qh5 31. a7 Ne2+ 32. Kh2 1-0

[Event "Excelsior January U1600"]
[Site "Toronto CAN"]
[Date "2023.01.07"]
[Round "2.18"]
[White "Sheth, Rudra"]
[Black "Chen, Sam"]
[Result "1-0"]
[WhiteElo "1254"]
[BlackElo "1449"]
[PlyCount "43"]
[EventDate "2023.01.06"]
[EventType "swiss"]
[EventRounds "5"]
[EventCountry "CAN"]

1. e4 e5 2. Nc3 Nf6 3. f4 d6 4. Nf3 Nc6 5. Bc4 Be7 6. O-O O-O 7. d3 Na5 8. Bb3
Nxb3 9. axb3 Be6 10. f5 Bd7 11. h3 Bc6 12. Qe1 Re8 13. Kh1 h6 14. g4 Nh7 15. h4
Bf6 16. Qg3 Be7 17. g5 hxg5 18. hxg5 f6 19. g6 Ng5 20. Qh4 d5 21. Nxg5 fxg5 22.
Qh7+ 1-0

[Event "Excelsior January U1600"]
[Site "Toronto CAN"]
[Date "2023.01.07"]
[Round "2.19"]
[White "Cottrell, Deparse"]
[Black "Yang, Albert"]
[Result "1-0"]
[WhiteElo "1447"]
[BlackElo "1228"]
[PlyCount "41"]
[EventDate "2023.01.06"]
[EventType "swiss"]
[EventRounds "5"]
[EventCountry "CAN"]

1. d4 d5 2. c4 c6 3. Nc3 Nf6 4. Bg5 Nbd7 5. e3 e6 6. Bd3 Be7 7. f4 h6 8. Bh4
O-O 9. Nf3 Ng4 10. Bxe7 Qxe7 11. Qe2 a6 12. h3 Ngf6 13. g4 b5 14. c5 Bb7 15.
Rg1 Nh7 16. g5 h5 17. Nh4 Rfd8 18. Bxh7+ Kxh7 19. Qxh5+ Kg8 20. g6 fxg6 21.
Nxg6 1-0

[Event "Excelsior January U1600"]
[Site "Toronto CAN"]
[Date "2023.01.07"]
[Round "2.20"]
[White "Bakradze, Joshua"]
[Black "Parakin, Don"]
[Result "0-1"]
[WhiteElo "906"]
[BlackElo "1441"]
[PlyCount "78"]
[EventDate "2023.01.06"]
[EventType "swiss"]
[EventRounds "5"]
[EventCountry "CAN"]

1. d4 d5 2. e3 Nf6 3. Nf3 Bg4 4. c3 e6 5. Qb3 Qc8 6. Ne5 Bh5 7. Na3 Be7 8. Bd3
c6 9. c4 Nbd7 10. Nxd7 Qxd7 11. c5 Qc7 12. Nc2 e5 13. Bd2 e4 14. Be2 Bxe2 15.
Kxe2 O-O-O 16. Qa4 Kb8 17. Ba5 b6 18. cxb6 axb6 19. Nb4 Bxb4 20. Qxb4 Ka7 21.
Qc5 Nd7 22. Bxb6+ Qxb6 23. Qc3 Rb8 24. b3 Rhc8 25. Rhc1 Qb5+ 26. Ke1 Qb4 27.
Rc2 Qxc3+ 28. Rxc3 Rb5 29. Rac1 Kb7 30. a4 Rb6 31. Kd2 Nb8 32. Rb1 Na6 33. Kc2
Nb4+ 34. Kd2 Nd3 35. f3 c5 36. fxe4 dxe4 37. dxc5 Rxc5 38. Rxc5 Nxc5 39. b4
Nxa4 0-1

[Event "Excelsior January U1600"]
[Site "Toronto CAN"]
[Date "2023.01.07"]
[Round "2.22"]
[White "Chen, Ricky"]
[Black "Nguyen, Joseph"]
[Result "1-0"]
[WhiteElo "1076"]
[BlackElo "1340"]
[PlyCount "43"]
[EventDate "2023.01.06"]
[EventType "swiss"]
[EventRounds "5"]
[EventCountry "CAN"]

1. e4 e5 2. Nf3 Nc6 3. Bc4 Nf6 4. d3 h6 5. O-O Bc5 6. Be3 d6 7. Bxc5 dxc5 8.
Bb5 Qe7 9. Nbd2 Bd7 10. Nc4 O-O-O 11. Ncxe5 Nxe5 12. Bxd7+ Rxd7 13. Nd2 g5 14.
Qe2 h5 15. Qe3 g4 16. Nb3 b6 17. a4 h4 18. a5 g3 19. h3 gxf2+ 20. Qxf2 Rd6 21.
axb6 axb6 22. Ra8+ 1-0

[Event "Excelsior January U1600"]
[Site "Toronto CAN"]
[Date "2023.01.07"]
[Round "2.23"]
[White "Sekaran, Adithya"]
[Black "Garg, Shlok"]
[Result "1/2-1/2"]
[WhiteElo "957"]
[BlackElo "1273"]
[PlyCount "146"]
[EventDate "2023.01.06"]
[EventType "swiss"]
[EventRounds "5"]
[EventCountry "CAN"]

1. d4 Nf6 2. Nf3 c5 3. Bf4 e6 4. e3 Nc6 5. c3 d5 6. Bb5 a6 7. Bxc6+ bxc6 8.
Nbd2 Bd6 9. Bxd6 Qxd6 10. a3 a5 11. c4 cxd4 12. exd4 O-O 13. O-O Ba6 14. c5 Qc7
15. Re1 Rab8 16. b3 Rfe8 17. Ne5 Nd7 18. Qf3 Nxe5 19. Rxe5 f6 20. Re3 e5 21.
Rae1 e4 22. Qg3 Qxg3 23. Rxg3 f5 24. Rg5 g6 25. h3 Kf7 26. Rg3 h6 27. h4 Kf6
28. f4 exf3 29. Rxe8 f2+ 30. Kxf2 Rxe8 31. Re3 Rxe3 32. Kxe3 g5 33. hxg5+ hxg5
34. Kf3 Bd3 35. g3 Ke6 36. b4 axb4 37. axb4 Be4+ 38. Ke3 Kd7 39. Nb3 Bc2 40.
Nc1 Kc7 41. Ne2 Kb7 42. Kd2 Bb3 43. Kc1 Bc4 44. Nc3 Kc7 45. Kd2 Kd7 46. Na4 Ke6
47. Ke3 Kf6 48. Nb6 Bb5 49. Nd7+ Ke6 50. Ne5 Ba4 51. Nf3 Kf6 52. Ne5 Bb5 53.
Kf3 Ba4 54. Nd3 Kg6 55. Nf2 Bc2 56. Ke3 Kf6 57. Kd2 Be4 58. Ke3 Ke6 59. Nh3 Kf6
60. Nf2 Bc2 61. Kd2 Ba4 62. Nd3 Bb5 63. Ne5 f4 64. gxf4 gxf4 65. Ke1 Kf5 66.
Nf7 Ke4 67. Nd6+ Kxd4 68. Nxb5+ Kc4 69. Nc7 Kxb4 70. Nxd5+ Kxc5 71. Nxf4 Kd4
72. Ne6+ Kd3 73. Nc5+ Kc4 1/2-1/2

[Event "Excelsior January U1600"]
[Site "Toronto CAN"]
[Date "2023.01.07"]
[Round "2.24"]
[White "Sreekumar Maliekal, Balakrishnan"]
[Black "Semianiuk, Catherine"]
[Result "1-0"]
[WhiteElo "1273"]
[BlackElo "942"]
[PlyCount "83"]
[EventDate "2023.01.06"]
[EventType "swiss"]
[EventRounds "5"]
[EventCountry "CAN"]

1. d4 e6 2. c4 d5 3. Nc3 Nf6 4. Nf3 Be7 5. g3 c5 6. dxc5 Bxc5 7. cxd5 exd5 8.
Bg2 Be6 9. O-O O-O 10. Nd4 Nc6 11. Nxe6 fxe6 12. e3 Ne5 13. b3 Rf7 14. Bb2 Qf8
15. Qe2 Rd8 16. Nxd5 exd5 17. Bxe5 Ne8 18. Rad1 Rfd7 19. Bd4 b6 20. Rd3 Be7 21.
Rfd1 Nc7 22. Be5 Kh8 23. Bxc7 Rxc7 24. Rxd5 Rdc8 25. Bh3 Rc2 26. R1d2 Rxd2 27.
Rxd2 Rc1+ 28. Rd1 Rc6 29. f4 Rh6 30. Qg4 Rg6 31. Qc8 Rf6 32. Qxf8+ Rxf8 33. Rd7
Bc5 34. Kf2 a5 35. Ke2 Re8 36. Rd3 Kg8 37. Bg2 Kf7 38. e4 Ke6 39. Bh3+ Kf7 40.
e5 g5 41. Bg4 Kg6 42. Kf3 {illisible} 1-0

[Event "Excelsior January U1600"]
[Site "Toronto CAN"]
[Date "2023.01.07"]
[Round "3.16"]
[White "Uyanik, Mehmet"]
[Black "Singh Dhaliwal, Jaipreet"]
[Result "0-1"]
[WhiteElo "1325"]
[BlackElo "1460"]
[PlyCount "102"]
[EventDate "2023.01.06"]
[EventType "swiss"]
[EventRounds "5"]
[EventCountry "CAN"]

1. e4 e5 2. Nf3 Nf6 3. Nc3 Nc6 4. Bb5 Nd4 5. Bc4 Nxf3+ 6. Qxf3 c6 7. d3 Bc5 8.
Be3 Bb6 9. O-O-O d5 10. exd5 Bg4 11. Qg3 Bxd1 12. Rxd1 Bxe3+ 13. fxe3 O-O 14.
dxc6 bxc6 15. Qxe5 Re8 16. Qf4 Qb8 17. Qf3 Qxh2 18. Qxc6 Qg3 19. e4 Qxg2 20.
Qc7 Qg6 21. Rf1 Rf8 22. e5 Ng4 23. Qb7 Nxe5 24. Bd5 Qb6 25. Qe7 Rae8 26. Qg5
Ng6 27. Ne4 Re5 28. Rf5 h6 29. Qg4 Rxf5 30. Qxf5 Ne7 31. Qe5 Nxd5 32. Qxd5 Qe3+
33. Kd1 Re8 34. c3 Qf3+ 35. Kc2 h5 36. Qg5 Qe2+ 37. Kb3 Rb8+ 38. Kc4 Qg4 39.
Qe5 Qe6+ 40. Qxe6 fxe6 41. b3 Kf7 42. Kd4 Kg6 43. Ke5 h4 44. Kf4 Rh8 45. Nf2
Rf8+ 46. Ke3 Kh5 47. c4 g5 48. c5 g4 49. b4 g3 50. Nh3 Kg4 51. Ng1 h3 0-1

[Event "Excelsior January U1600"]
[Site "Toronto CAN"]
[Date "2023.01.07"]
[Round "3.18"]
[White "Parakin, Don"]
[Black "Sheth, Rudra"]
[Result "1-0"]
[WhiteElo "1441"]
[BlackElo "1254"]
[PlyCount "123"]
[EventDate "2023.01.06"]
[EventType "swiss"]
[EventRounds "5"]
[EventCountry "CAN"]

1. d4 f5 2. c4 Nf6 3. Nc3 g6 4. Nf3 Bg7 5. Bf4 d6 6. Qc1 Na6 7. Bh6 O-O 8. Bxg7
Kxg7 9. g3 c5 10. Bg2 cxd4 11. Nxd4 e5 12. Nb3 e4 13. Nd4 Qb6 14. Qd2 Bd7 15.
O-O Rac8 16. b3 Rfd8 17. Nc2 Be6 18. Ne3 Nc7 19. Qb2 d5 20. Nexd5 Ncxd5 21.
Nxd5 Bxd5 22. cxd5 Rxd5 23. Rfd1 Rcd8 24. Rxd5 Rxd5 25. e3 Qd6 26. Rc1 Kh6 27.
Bf1 Rd2 28. Rc2 Rd1 29. Kg2 Nd7 30. Rc4 Ne5 31. Rd4 Rxd4 32. Qxd4 Qxd4 33. exd4
Nd7 34. f3 Kg5 35. fxe4 fxe4 36. Kf2 Kf5 37. Ke3 g5 38. h3 Nf6 39. Bc4 Kg6 40.
Be6 Nh5 41. g4 Nf4 42. Bf5+ Kg7 43. Bxe4 h6 44. Bxb7 Kf7 45. Ke4 Nxh3 46. Kd5
h5 47. gxh5 g4 48. Kd6 g3 49. Kc7 Nf4 50. Bf3 g2 51. Bxg2 Nxg2 52. d5 Nf4 53.
d6 Nxh5 54. d7 Ng7 55. d8=Q Ne6+ 56. Kd7 Nxd8 57. Kxd8 Ke6 58. Kc7 Kd5 59. Kb7
a5 60. Kb6 a4 61. bxa4 Kd6 62. a5 1-0

[Event "Excelsior January U1600"]
[Site "Toronto CAN"]
[Date "2023.01.07"]
[Round "3.20"]
[White "Benggawan, Undriadi"]
[Black "Sreekumar Maliekal, Balakrishnan"]
[Result "0-1"]
[WhiteElo "1461"]
[BlackElo "1273"]
[PlyCount "63"]
[EventDate "2023.01.06"]
[EventType "swiss"]
[EventRounds "5"]
[EventCountry "CAN"]

1. d4 Nf6 2. Bf4 g6 3. e3 Bg7 4. Nf3 O-O 5. c4 d6 6. Bd3 c5 7. Nc3 Nbd7 8. e4
cxd4 9. Ne2 Nc5 10. e5 Nh5 11. exd6 Qa5+ 12. Kf1 Nxf4 13. Nxf4 e5 14. Nd5 Qd8
15. Bc2 Qxd6 16. b4 Ne6 17. Nd2 f5 18. Bb3 b6 19. Rc1 Bb7 20. h4 Rac8 21. a3
Kh8 22. h5 Bxd5 23. cxd5 Rxc1 24. Qxc1 Nf4 25. h6 Bf6 26. g3 Nxd5 27. Qc4 Nc3
28. Kg2 Qd7 29. Re1 Rc8 30. Qe6 Qxe6 31. Bxe6 f4 32. gxf4 {illisible} 0-1

[Event "Excelsior January U1600"]
[Site "Toronto CAN"]
[Date "2023.01.07"]
[Round "3.21"]
[White "Chen, Sam"]
[Black "Yang, Albert"]
[Result "1/2-1/2"]
[WhiteElo "1449"]
[BlackElo "1228"]
[PlyCount "72"]
[EventDate "2023.01.06"]
[EventType "swiss"]
[EventRounds "5"]
[EventCountry "CAN"]

1. e4 c5 2. Nf3 Nc6 3. d4 cxd4 4. Nxd4 Nf6 5. Nc3 e5 6. Nf3 Bb4 7. Bd3 d5 8.
exd5 Nxd5 9. Bd2 Nxc3 10. Bxc3 O-O 11. O-O Bxc3 12. bxc3 Re8 13. Re1 Bg4 14. h3
Bh5 15. g4 Bg6 16. Bxg6 hxg6 17. Re3 Qc7 18. Qd5 Rad8 19. Qc4 a6 20. Rae1 Qd6
21. Rd3 Qf6 22. Red1 Rxd3 23. Rxd3 Re6 24. Re3 Rd6 25. Rd3 b5 26. Rxd6 bxc4 27.
Rxf6 gxf6 28. Kg2 f5 29. gxf5 gxf5 30. Nd2 Na5 31. Kf3 Kg7 32. Ke3 Kf6 33. f4
Ke6 34. h4 f6 35. h5 Kf7 36. fxe5 fxe5 1/2-1/2

[Event "Excelsior January U1600"]
[Site "Toronto CAN"]
[Date "2023.01.07"]
[Round "3.22"]
[White "Sreekumar, Gayathri"]
[Black "Zhou, Felix"]
[Result "0-1"]
[WhiteElo "965"]
[BlackElo "1388"]
[PlyCount "68"]
[EventDate "2023.01.06"]
[EventType "swiss"]
[EventRounds "5"]
[EventCountry "CAN"]

1. d4 d5 2. c4 e6 3. Nf3 Nf6 4. g3 Be7 5. Bg2 O-O 6. O-O b6 7. Nc3 Bb7 8. Bf4
Nbd7 9. Qc2 Rc8 10. Rfd1 Qe8 11. Ne5 c5 12. cxd5 cxd4 13. Rxd4 exd5 14. Nxd7
Qxd7 15. e4 Qe6 16. exd5 Bxd5 17. Bxd5 Nxd5 18. Re1 Qxe1+ 19. Kg2 Nxc3 20. bxc3
Qxc3 21. Qe4 Qc6 22. Qxc6 Rxc6 23. Rd7 Bc5 24. Rxa7 h6 25. h4 Re8 26. g4 Rf6
27. Bg3 Bxf2 28. Bxf2 Re2 29. g5 hxg5 30. hxg5 Rfxf2+ 31. Kg3 Rxa2 32. Rb7 Rfb2
33. Kg4 Rb4+ 34. Kf5 Ra5# 0-1

[Event "Excelsior January U1600"]
[Site "Toronto CAN"]
[Date "2023.01.07"]
[Round "3.23"]
[White "Bi, William"]
[Black "Anish, Diganth"]
[Result "0-1"]
[WhiteElo "1257"]
[BlackElo "1016"]
[PlyCount "65"]
[EventDate "2023.01.06"]
[EventType "swiss"]
[EventRounds "5"]
[EventCountry "CAN"]

1. e4 c6 2. d4 d5 3. exd5 cxd5 4. c4 e6 5. Nc3 Nf6 6. Bf4 Nc6 7. Nf3 Be7 8. Bd3
b6 9. a3 Bb7 10. O-O O-O 11. Qc2 h6 12. Rad1 Bd6 13. Bxd6 Qxd6 14. h3 Na5 15.
cxd5 Nxd5 16. Ne4 Qf4 17. Qd2 Qc7 18. b4 Nc6 19. Rc1 Qd7 20. Bb5 a6 21. Bxc6
Bxc6 22. Ne5 Qe7 23. Nxc6 Qh4 24. Ng3 f5 25. Ne5 Kh7 26. Rc6 Rae8 27. Nd7 Re7
28. Nxf8+ Kg8 29. Ng6 Qf6 30. Nxe7+ Qxe7 31. Qe2 Nf4 32. Qe5 Qf7 33. Rc7 0-1

[Event "Excelsior January U1600"]
[Site "Toronto CAN"]
[Date "2023.01.07"]
[Round "3.24"]
[White "Garg, Shlok"]
[Black "Bakradze, Joshua"]
[Result "1-0"]
[WhiteElo "1273"]
[BlackElo "906"]
[PlyCount "43"]
[EventDate "2023.01.06"]
[EventType "swiss"]
[EventRounds "5"]
[EventCountry "CAN"]

1. d4 d5 2. e3 Nf6 3. Bd3 e6 4. Nd2 Bd6 5. f4 c5 6. c3 c4 7. Bc2 b6 8. Ngf3 Bb7
9. Ne5 Bxe5 10. fxe5 Ne4 11. Bxe4 dxe4 12. Nxc4 Bd5 13. Nd6+ Kf8 14. O-O f5 15.
b3 Ke7 16. Ba3 Kd7 17. c4 Bc6 18. d5 exd5 19. cxd5 Qg5 20. Nf7 Qxe3+ 21. Kh1
Rf8 22. dxc6+ 1-0

[Event "Excelsior January U1600"]
[Site "Toronto CAN"]
[Date "2023.01.07"]
[Round "3.25"]
[White "Semianiuk, Catherine"]
[Black "Sekaran, Adithya"]
[Result "0-1"]
[WhiteElo "942"]
[BlackElo "957"]
[PlyCount "90"]
[EventDate "2023.01.06"]
[EventType "swiss"]
[EventRounds "5"]
[EventCountry "CAN"]

1. e4 c5 2. Nf3 Nc6 3. d4 cxd4 4. Nxd4 e5 5. Nb5 Nf6 6. N1c3 Bc5 7. Nd6+ Bxd6
8. Qxd6 Qe7 9. Nb5 Qxd6 10. Nxd6+ Ke7 11. Nf5+ Kf8 12. f3 d5 13. Ng3 h5 14.
exd5 Nxd5 15. a3 h4 16. Ne4 Be6 17. Bd2 Nd4 18. O-O-O Rc8 19. Bc3 Ne3 20. Rd2
Nc6 21. Bb5 Nd4 22. Bd3 b6 23. f4 f6 24. fxe5 fxe5 25. Rf2+ Kg8 26. Ng5 Bd5 27.
Re1 Ng4 28. Bxd4 exd4 29. Rfe2 Nf6 30. Re7 a5 31. Bf5 Rb8 32. Bh7+ Rxh7 33.
Nxh7 Kxh7 34. Rd1 Bxg2 35. Rxd4 h3 36. Rh4+ Kg6 37. Re3 Re8 38. Rxe8 Nxe8 39.
Rh8 Nf6 40. Rb8 Ng4 41. Rxb6+ Kh5 42. c4 Nxh2 43. Rd6 Ng4 44. Rd1 h2 45. b4 Nf2
0-1

[Event "Excelsior January U1600"]
[Site "Toronto CAN"]
[Date "2023.01.08"]
[Round "4.16"]
[White "Cottrell, Deparse"]
[Black "Singh Dhaliwal, Jaipreet"]
[Result "1-0"]
[WhiteElo "1447"]
[BlackElo "1460"]
[PlyCount "67"]
[EventDate "2023.01.06"]
[EventType "swiss"]
[EventRounds "5"]
[EventCountry "CAN"]

1. d4 Nf6 2. c4 g6 3. Nc3 Bg7 4. e4 d6 5. Be2 O-O 6. Nf3 e5 7. Bg5 Nc6 8. d5
Ne7 9. Qd2 Ne8 10. h4 h5 11. O-O-O f6 12. Bh6 f5 13. Bxg7 Nxg7 14. Qh6 fxe4 15.
Ng5 Rf5 16. Qh7+ Kf8 17. Qh8+ Ng8 18. Nh7+ Kf7 19. Nxe4 a5 20. Neg5+ Rxg5 21.
Nxg5+ Kf8 22. Bd3 Nf5 23. Qh7 Qf6 24. Qxc7 Ke8 25. c5 Nd4 26. cxd6 Bd7 27. Ne4
Qf7 28. Kb1 a4 29. Qxb7 Rc8 30. Rc1 Kf8 31. Rc7 Qf4 32. Rxd7 Qxh4 33. Rf7+ Ke8
34. Qd7# 1-0

[Event "Excelsior January U1600"]
[Site "Toronto CAN"]
[Date "2023.01.08"]
[Round "4.17"]
[White "Chen, Ricky"]
[Black "Parakin, Don"]
[Result "1-0"]
[WhiteElo "1076"]
[BlackElo "1441"]
[PlyCount "97"]
[EventDate "2023.01.06"]
[EventType "swiss"]
[EventRounds "5"]
[EventCountry "CAN"]

1. e4 c6 2. d4 d5 3. Nc3 dxe4 4. Nxe4 Bf5 5. Ng3 Bg6 6. Nf3 Nd7 7. Bd3 Bxd3 8.
Qxd3 Ngf6 9. O-O e6 10. Ne5 Nxe5 11. dxe5 Qxd3 12. cxd3 Nd5 13. Bd2 Bc5 14. Ne2
O-O-O 15. d4 Bb6 16. a4 a6 17. Bg5 Rd7 18. Rfd1 h6 19. Be3 Rhd8 20. Nc3 Ne7 21.
Ne4 Kc7 22. Nd6 Nc8 23. Bf4 Nxd6 24. exd6+ Kc8 25. b4 Ba7 26. b5 Bb8 27. bxc6
bxc6 28. Rdc1 Bxd6 29. Rxc6+ Kb7 30. Rxd6 Rxd6 31. Bxd6 Rxd6 32. Rb1+ Rb6 33.
Ra1 Rb4 34. g3 Rxd4 35. a5 Rd5 36. Rc1 Rb5 37. Rd1 Kc6 38. Rc1+ Kd5 39. Rc7 Ke5
40. Rxf7 g6 41. f4+ Ke4 42. Rf6 Kf3 43. h4 Kxg3 44. Rxg6+ Kxh4 45. Rxe6 Rxa5
46. Rxh6+ Kg3 47. Kf1 Kxf4 48. Ke2 Ke4 49. Rh4+ 1-0

[Event "Excelsior January U1600"]
[Site "Toronto CAN"]
[Date "2023.01.08"]
[Round "4.18"]
[White "Zhou, Felix"]
[Black "Sreekumar Maliekal, Balakrishnan"]
[Result "0-1"]
[WhiteElo "1388"]
[BlackElo "1273"]
[PlyCount "174"]
[EventDate "2023.01.06"]
[EventType "swiss"]
[EventRounds "5"]
[EventCountry "CAN"]

1. e4 c5 2. Nf3 d6 3. d4 cxd4 4. Nxd4 Nf6 5. Nc3 g6 6. f3 Bg7 7. Be3 O-O 8. Qd2
Nc6 9. g4 Nxd4 10. Bxd4 Be6 11. O-O-O Qa5 12. Kb1 Rfc8 13. h4 h5 14. gxh5 Qxh5
15. Be2 Qa5 16. Rdg1 Rxc3 17. Qxc3 Qxa2+ 18. Kc1 Bh6+ 19. Be3 Rc8 20. Qxc8+
Bxc8 21. Bxh6 Qa1+ 22. Kd2 Qxb2 23. h5 Qd4+ 24. Kc1 Qa1+ 25. Kd2 Qa5+ 26. c3
Nxh5 27. Bc4 e6 28. Bg5 Kf8 29. f4 d5 30. exd5 exd5 31. Be2 Bf5 32. Bh6+ Ke7
33. Bxh5 gxh5 34. Re1+ Be4 35. Rxh5 f5 36. Bg5+ Kd6 37. Rh6+ Kc5 38. Be7+ Kc4
39. Bf6 Qb6 40. Rf1 Qb2+ 41. Ke3 Qc2 42. Rg6 Qd3+ 43. Kf2 Qd2+ 44. Kg1 Qe3+ 45.
Rf2 Qe1+ 46. Rf1 Qe3+ 47. Rf2 Bd3 48. Bd4 Qe1+ 49. Kh2 Qe8 50. Rg5 Be4 51. Rb2
b6 52. Rb4+ Kd3 53. Rb2 Qa4 54. Rg3+ Kc4 55. Rb4+ Qxb4 56. cxb4 Kxd4 57. Ra3
Kc4 58. Rxa7 Kxb4 59. Rb7 b5 60. Kg3 Kc4 61. Rc7+ Kd4 62. Rb7 Bd3 63. Kf3 Kc3
64. Rc7+ Bc4 65. Rf7 Bd3 66. Rd7 Be4+ 67. Ke3 b4 68. Rc7+ Kb2 69. Kd4 b3 70.
Rb7 Bc2 71. Rb4 Ka3 72. Kc3 Ka2 73. Rb8 Kb1 74. Rh8 Ka2 75. Rh1 d4+ 76. Kd2 d3
77. Rh8 Ka3 78. Rf8 Ka4 79. Rf7 Kb4 80. Rf8 Kc4 81. Rd8 b2 82. Rc8+ Kd5 83.
Rxc2 dxc2 84. Kxc2 Ke4 85. Kxb2 Kxf4 86. Kc1 Ke3 87. Kd1 Kf2 0-1

[Event "Excelsior January U1600"]
[Site "Toronto CAN"]
[Date "2023.01.08"]
[Round "4.19"]
[White "Anish, Diganth"]
[Black "Uyanik, Mehmet"]
[Result "1-0"]
[WhiteElo "1016"]
[BlackElo "1325"]
[PlyCount "72"]
[EventDate "2023.01.06"]
[EventType "swiss"]
[EventRounds "5"]
[EventCountry "CAN"]

1. e4 c5 2. Nf3 d6 3. Nc3 Nf6 4. Bc4 e6 5. d3 a6 6. a4 d5 7. exd5 exd5 8. Bb3
Be7 9. Bf4 O-O 10. O-O d4 11. Ne4 Nd5 12. Bxd5 Qxd5 13. c4 Qd8 14. Qe2 f5 15.
Neg5 Rf6 16. Rae1 Nc6 17. Ne5 Nxe5 18. Qxe5 Bf8 19. Qe2 h6 20. Qh5 Bd7 21. Be5
hxg5 22. Bxf6 Qxf6 23. Re2 Bxa4 24. Rfe1 g6 25. Qh3 g4 26. Qg3 Bd6 27. f4 gxf3
28. Qxf3 Bc6 29. Qh3 Kg7 30. Re6 Qd8 31. Kf1 Bf4 32. Re7+ Qxe7 33. Rxe7+ Kf6
34. Qh7 Kg5 35. h4+ Kg4 36. Qxg6+ Kxh4 1-0

[Event "Excelsior January U1600"]
[Site "Toronto CAN"]
[Date "2023.01.08"]
[Round "4.22"]
[White "Yang, Albert"]
[Black "Garg, Shlok"]
[Result "0-1"]
[WhiteElo "1228"]
[BlackElo "1273"]
[PlyCount "100"]
[EventDate "2023.01.06"]
[EventType "swiss"]
[EventRounds "5"]
[EventCountry "CAN"]

1. Nf3 Nf6 2. g3 d5 3. Bg2 c5 4. O-O Nc6 5. d3 e5 6. e4 dxe4 7. dxe4 Bg4 8.
Nbd2 Be7 9. h3 Bh5 10. Qe1 Qc7 11. b3 O-O 12. Bb2 Nd7 13. Nc4 b5 14. Ne3 Nb6
15. Nf5 Bg6 16. Nxe7+ Qxe7 17. Rd1 f6 18. Qe2 a6 19. Rfe1 Bf7 20. Nh4 Nd4 21.
Bxd4 cxd4 22. Nf5 Qc7 23. Rf1 Rac8 24. Rc1 Be6 25. Qh5 g6 26. Nh6+ Kg7 27. Qh4
g5 28. Qh5 Bf7 29. Nf5+ Kh8 30. Qg4 Bg6 31. h4 Bxf5 32. Qxf5 gxh4 33. gxh4 Qd7
34. Qxd7 Nxd7 35. Bh3 Rc7 36. f3 Rg8+ 37. Kf2 Nf8 38. h5 Nd7 39. Ke2 b4 40. Kd2
Nb6 41. a3 Rg3 42. Bg4 Rg2+ 43. Kd1 bxa3 44. Bh3 Rh2 45. Bg4 Nc8 46. Rg1 Nd6
47. Ra1 Nb5 48. Be6 Rg7 49. Re1 Nc3+ 50. Kc1 Rgg2 0-1

[Event "Excelsior January U1600"]
[Site "Toronto CAN"]
[Date "2023.01.08"]
[Round "4.23"]
[White "Sekaran, Adithya"]
[Black "Benggawan, Undriadi"]
[Result "1-0"]
[WhiteElo "957"]
[BlackElo "1461"]
[PlyCount "49"]
[EventDate "2023.01.06"]
[EventType "swiss"]
[EventRounds "5"]
[EventCountry "CAN"]

1. d4 Nf6 2. Nf3 g6 3. Nc3 Bg7 4. e4 d6 5. Bf4 O-O 6. Bc4 b6 7. O-O Ba6 8. Bxa6
Nxa6 9. a3 c5 10. d5 Nc7 11. Qe2 Nh5 12. Bg3 Nxg3 13. fxg3 f5 14. Nd2 Qd7 15.
Rae1 Rae8 16. Nf3 e6 17. Qd3 fxe4 18. Rxe4 exd5 19. Rxe8 Rxe8 20. Nxd5 Bxb2 21.
Nxc7 Qxc7 22. Qb3+ c4 23. Qxb2 d5 24. Qb4 Qf7 25. Ng5 1-0

[Event "Excelsior January U1600"]
[Site "Toronto CAN"]
[Date "2023.01.08"]
[Round "4.24"]
[White "Bakradze, Joshua"]
[Black "Bi, William"]
[Result "0-1"]
[WhiteElo "906"]
[BlackElo "1257"]
[PlyCount "54"]
[EventDate "2023.01.06"]
[EventType "swiss"]
[EventRounds "5"]
[EventCountry "CAN"]

1. e4 e5 2. Nf3 Nc6 3. Bb5 Bc5 4. Nxe5 Nxe5 5. d4 Bd6 6. dxe5 Bxe5 7. Nc3 Nf6
8. O-O O-O 9. Bg5 c6 10. Bd3 Qa5 11. f4 Bxc3 12. bxc3 Qxc3 13. e5 Nd5 14. Rf3
Qc5+ 15. Kh1 f6 16. exf6 Nxf6 17. Rh3 h6 18. Bxf6 Rxf6 19. Qg4 d6 20. f5 Bxf5
21. Bxf5 Qxf5 22. Qc4+ d5 23. Qe2 Qf2 24. Qd3 Raf8 25. Rg1 Re6 26. Qb3 Qxg1+
27. Kxg1 Re1# 0-1

[Event "Excelsior January U1600"]
[Site "Toronto CAN"]
[Date "2023.01.08"]
[Round "5.16"]
[White "Cottrell, Deparse"]
[Black "Chen, Ricky"]
[Result "1-0"]
[WhiteElo "1447"]
[BlackElo "1076"]
[PlyCount "91"]
[EventDate "2023.01.06"]
[EventType "swiss"]
[EventRounds "5"]
[EventCountry "CAN"]

1. d4 d5 2. c4 e6 3. Nc3 Nf6 4. Bg5 c5 5. cxd5 exd5 6. dxc5 d4 7. Bxf6 gxf6 8.
Qa4+ Nc6 9. Ne4 f5 10. Nd6+ Bxd6 11. cxd6 Qxd6 12. Nf3 Bd7 13. a3 Ne5 14. Qb3
Nxf3+ 15. exf3 Qe6+ 16. Qxe6+ fxe6 17. O-O-O e5 18. f4 Rc8+ 19. Kb1 exf4 20.
Rxd4 f3 21. g3 Rc5 22. Bc4 Bc6 23. Re1+ Be4+ 24. Bd3 O-O 25. Bxe4 fxe4 26.
Rdxe4 Rd8 27. Rf4 Rd2 28. Rxf3 Rb5 29. b3 Rc5 30. Rc1 Re5 31. Rc2 Rd1+ 32. Kb2
Re7 33. Rc4 h5 34. Rf5 h4 35. Rxh4 Rd2+ 36. Kc3 Ra2 37. Rg4+ Kh8 38. a4 Rc7+
39. Kb4 Rd2 40. Rh5+ Rh7 41. Rxh7+ Kxh7 42. Rf4 Kg6 43. Kc3 Rd5 44. Rg4+ Kh5
45. Rb4 b6 46. Rb5 1-0